đŸŽ¶Paroles "Le temps des cerises" Multiples interprĂštes - Statistiques

Statistiques générales
  • Ce quiz a Ă©tĂ© pris 54 fois
  • Le rĂ©sultat moyen est 139 sur 197
Statistiques - réponses
Mots % Correct
C'
100%
ce
100%
cerises,
100%
Cerises
100%
cerises :
100%
cerises
100%
d'
100%
de
100%
des
100%
Des
100%
l'
100%
le
100%
s'
100%
temps
100%
temps-
100%
le
97%
m'
97%
qu'
97%
Et
94%
et
94%
au
91%
est
91%
en
88%
J'
88%
la
88%
lĂ 
88%
il
84%
Quand
84%
que
84%
Je
78%
je
78%
ma
78%
nous
78%
cƓur.
75%
cƓur
75%
Les
75%
les
75%
merle
75%
moqueur
75%
moqueur.
75%
OĂč
75%
rossignol
75%
tous
75%
amour
72%
amour.
72%
bien
72%
gai
72%
qui
72%
un
72%
Une
72%
chanterons
69%
on
69%
Si
69%
du
66%
Mais
66%
va
63%
aux
59%
court
59%
Seront
59%
amoureux
56%
auront
56%
ne
56%
Ne
56%
soleil
56%
vous
56%
Vous
56%
belles
53%
fĂȘte.
53%
folie
53%
garde
50%
pas
50%
point
50%
tĂȘte
50%
mieux
47%
Moi
47%
aurez
44%
jour.
44%
ouverte,
44%
plaie
44%
rĂȘvant
44%
rĂȘvant.
44%
Sifflera
44%
souvenir
44%
toujours
44%
aimerai
41%
avez
41%
cueillir
41%
sang.
41%
serez
41%
sous
41%
oreilles,
38%
peines
38%
peur
38%
Tombant
38%
chagrins
34%
feuille
34%
gouttes
34%
pareilles
34%
pendants
34%
Pendants
34%
robes
34%
aussi
31%
corail
31%
cueille
31%
Évitez
31%
jamais
31%
sans
31%
Dame
28%
deux
28%
crains
25%
Fortune,
22%
peines
22%
souffrir
22%
cruelles,
19%
étant
19%
offerte,
19%
vivrai
19%
douleur.
16%
fermer
16%
pourra
16%
Aucun quiz correspondant
Distribution des résultats
% des personnes avec chaque résultat
Percentile par nombre de réponses
Votre historique - résultats
Vous n’avez pas pris ce quiz